Application of Digitised Accounting Information in the Strategic Management Processes of Undertakings in the Slovak Republic
Kvôli rastúcemu významu uplatňovania digitalizácie na podporné postupy strategického riadenia procesov v podnikoch a legislatívnej podpory digitalizácie nielen z hľadiska účtovníctva a daní, ale aj v iných nariadeniach, a to tak na území Slovenskej republiky, ako aj mimo nej, je nevyhnutné riešiť tú...
Salvato in:
| Autore principale: | |
|---|---|
| Altri autori: | |
| Natura: | Capitolo di libro |
| Lingua: | inglese |
| Soggetti: | |
| Tags: |
Nessun Tag, puoi essere il primo ad aggiungerne!!
|
MARC
| LEADER | 00000nla a2200000 4500 | ||
|---|---|---|---|
| 001 | 0243950 | ||
| 005 | 20240502083654.0 | ||
| 041 | 0 | |a eng | |
| 044 | |a RS | ||
| 245 | 1 | 0 | |a Application of Digitised Accounting Information in the Strategic Management Processes of Undertakings in the Slovak Republic |
| 520 | |a Kvôli rastúcemu významu uplatňovania digitalizácie na podporné postupy strategického riadenia procesov v podnikoch a legislatívnej podpory digitalizácie nielen z hľadiska účtovníctva a daní, ale aj v iných nariadeniach, a to tak na území Slovenskej republiky, ako aj mimo nej, je nevyhnutné riešiť túto tému. | ||
| 610 | 2 | 0 | |a manažment |
| 610 | 2 | 0 | |a manažment strategický |
| 610 | 2 | 0 | |a digitalizácia |
| 610 | 2 | 0 | |a technológie informačné |
| 610 | 2 | 0 | |a informácie účtovné |
| 610 | 2 | 0 | |a informatika ekonomická |
| 610 | 2 | 0 | |a legislatíva |
| 100 | 1 | |a Lovciová, Kornélia, 1983- | |
| 700 | 1 | |a Pakšiová, Renáta, 1974- | |